| 000 | 00581nam a2200169 i 4500 | ||
|---|---|---|---|
| 001 | 141726 | ||
| 003 | ES-MaACL | ||
| 007 | t| | ||
| 008 | 070927m19841985sp ||||1| spa d | ||
| 100 | 1 |
_aVuyk, Rita. _9115786 |
|
| 245 | 1 | 0 |
_aPanorámica y crítica de la epistemología genética de Piaget _b: 1965-1980 / _cRita Vuik ; versión de Cristina del Barrio y Antonio Corral. |
| 260 |
_aMadrid : _bAlianza Editorial, _c1984-85. |
||
| 300 |
_a2 v. ; _c20 cm. |
||
| 700 | 1 |
_aBarrio, Cristina del. _925992 |
|
| 700 | 1 |
_aCorral, Antonio. _940705 |
|
| 852 |
_aES-MaACL _jL-8451-2 _bR.109009 |
||
| 999 |
_c141726 _d141726 |
||